| 000 | 00561nam a2200193 a 4500 | ||
|---|---|---|---|
| 001 | 000009769 | ||
| 005 | 20240412074213.0 | ||
| 008 | 091001s1979 sp 000 p spa d | ||
| 040 |
_aDO-SdBNP _bspa _cBNPHU |
||
| 082 |
_aRD861.44 _bB533re |
||
| 100 | 1 |
_aBerroa, Rei _9319 |
|
| 245 | 1 | 0 |
_aEn el reino de la ausencia / _cRei Berroa. |
| 260 |
_aMadrid : _b[s. n.], _c1979. |
||
| 300 |
_a19 p. ; _c22 cm. |
||
| 590 | _aInventariado, 2018/LP | ||
| 650 | 0 |
_aPoesÃa dominicana _966 |
|
| 650 | 0 |
_aLiteratura dominicana. _967 |
|
| 910 | _aValidado. Control de calidad MFF | ||
| 999 |
_c9529 _d9529 |
||